Sports Quiz

Random Sports Quiz

Lebron James quiz Stats

 Plays Quiz not verified by Sporcle

Challenge
Share
Tweet
Embed
Score 0/7 Timer 07:00
0 Plays Today
Question Answer Wrong Answers
As a kid who was Lebron's favorite basketball team? Bulls
80.9%
Cavs
16.5%
Warriors
0.7%
Nuggets
0.8%
What grade did Lebron start dunking? 8th grade
69.2%
9th grade
7.9%
7th grade
18.5%
5th grade
4.4%
How old was Lebron when he got drafted? 18
68.9%
19
13.9%
17
10.9%
20
4.2%
How old was Lebron when he got his first triple-double? 20
54.9%
24
4.1%
21
26.7%
23
11.9%
What did Lebron's coach make him do every time he swore? 10 pushups
53.2%
15 laps
10.2%
5 half court shots
3%
All of the above
33.7%
How many 30 pts games has Lebron had in a row? 6
42.1%
12
17%
7
20.9%
4
18.4%
How old was Lebron when He hit 4,000 career playoff points? 29
27.4%
28
21.8%
26
38.9%
31
9.6%

You're not logged in!

Compare scores with friends on all Sporcle quizzes.
Join for Free
OR
Log In

You Might Also Like...

Show Comments

Extras

Created Aug 4, 2017ReportNominate
Tags:lebron, Lebron James, same

Top Quizzes Today


Score Distribution

Your Account Isn't Verified!

In order to create a playlist on Sporcle, you need to verify the email address you used during registration. Go to your Sporcle Settings to finish the process.

Report this User

Report this user for behavior that violates our Community Guidelines.

Details: